000 00496nam a2200157 i 4500
001 75777
003 ES-MaACL
007 t|
008 040927s1974 fr ||||1| fre d
100 1 _aGriffiths, Richard.
_960012
245 1 0 _aPétain et les français, 1914-1951 /
_cRichard Griffiths ; [traduit de l'anglais par Michel Sineux].
260 _a[Paris] :
_bC. Lévy,
_c[1974]
300 _a446 p., 6 lám. ;
_c25 cm.
700 1 _aSineux, Michel.
_9106619
852 _aES-MaACL
_jE-6602
_bR.91255
999 _c75777
_d75777